000 06245nam a22010937a 4500
001 000059655
003 CHAP
005 20220329140840.0
008 971013s1961 r 00010 d
010 _a58589
011 _a59561
035 _a63720
040 _cCHAP
082 _a584.90972
_bS83
100 0 0 _aSwallen, Jason R.
_9110844
245 0 _aClave de los géneros mexicanos de gramíneas.
260 _aMéxico :
_bSociedad Botánica de México,
_c1961.
300 _ap. 52-119.
490 _aSociedad Botánica de México. Boletín
_v; 26
530 _aTambién disponible en línea
590 _aBATCH-UPD
_b10
_c20130109
_lUCH01
_h2336
590 _aBATCH-UPD
_b10
_c20130110
_lUCH01
_h0725
590 _aBATCH-UPD
_b10
_c20130410
_lUCH01
_h0409
590 _aBATCH-UPD
_b10
_c20130914
_lUCH01
_h0734
590 _aBATCH-UPD
_b10
_c20140324
_lUCH01
_h1438
590 _aBATCH-UPD
_b10
_c20141002
_lUCH01
_h0817
590 _aCONVERSION
_b10
_c20130109
_lUCH01
_h1331
590 _aE11695DGD
_b10
_c20140219
_lUCH01
_h1456
650 1 4 _aBotánica
_zMéxico.
_914641
650 1 4 _aGramíneas.
_950260
700 0 _aHernández Xolocotzi, Efraím.
_954753
830 0 _aSociedad Botánica de México. Boletín
_v; 26
_9108050
856 _3Finding aid
_uhttp://10.13.5.2/tesis/x59655.pdf
_zTeclea aquí
901 _aBK
942 _cLIBRO
942 _n0
949 _a584.90972 S83
_bBC
_cLIBRO
_d33724000354973
_eLIBRO
_fc.57
_h40028
_i63720
_si
949 _a584.90972 S83
_bBC
_cLIBRO
_d33724000354981
_eLIBRO
_fc.34
_h9912
_i63720
_si
949 _a584.90972 S83
_bBC
_cLIBRO
_d33724000354999
_eLIBRO
_fc.46
_h9922
_i63720
_si
949 _a584.90972 S83
_bBC
_cLIBRO
_d33724000355004
_eLIBRO
_fc.49
_h9924
_i63720
_si
949 _a584.90972 S83
_bBC
_cLIBRO
_d33724000355012
_eLIBRO
_fc.26
_h9907
_i63720
_si
949 _a584.90972 S83
_bBC
_cLIBRO
_d33724000355020
_eLIBRO
_fc.36
_h9913
_i63720
_si
949 _a584.90972 S83
_bBC
_cLIBRO
_d33724000355038
_eLIBRO
_fc.59
_h40030
_i63720
_si
949 _a584.90972 S83
_bBC
_cLIBRO
_d33724000355046
_eLIBRO
_fc.61
_i63720
_si
949 _a584.90972 S83
_bBC
_cLIBRO
_d33724000355053
_eLIBRO
_fc.7
_h28528
_i63720
_si
949 _a584.90972 S83
_bBC
_cLIBRO
_d33724000355061
_eLIBRO
_fc.60
_h40031
_i63720
_si
949 _a584.90972 S83
_bBC
_cLIBRO
_d33724000355079
_eLIBRO
_fc.40
_h9916
_i63720
_si
949 _a584.90972 S83
_bBC
_cLIBRO
_d33724000355087
_eLIBRO
_fc.8
_h9892
_i63720
_si
949 _a584.90972 S83
_bBC
_cLIBRO
_d33724000355095
_eLIBRO
_fc.44
_h9920
_i63720
_si
949 _a584.90972 S83
_bBC
_cLIBRO
_d33724000355103
_eLIBRO
_fc.52
_h40023
_i63720
_si
949 _a584.90972 S83
_bBC
_cLIBRO
_d33724000355111
_eLIBRO
_fc.58
_h40029
_i63720
_si
949 _a584.90972 S83
_bBC
_cLIBRO
_d33724000355129
_eLIBRO
_fc.33
_h40034
_i63720
_si
949 _a584.90972 S83
_bBC
_cLIBRO
_d33724000355137
_eLIBRO
_fc.19
_h9901
_i63720
_si
949 _a584.90972 S83
_bBC
_cLIBRO
_d33724000360327
_eLIBRO
_h9886
_i63720
_si
949 _a584.90972 S83
_bBC
_cLIBRO
_d33724000360343
_eLIBRO
_fc.5
_h9889
_i63720
_si
949 _a584.90972 S83
_bBC
_cLIBRO
_d33724000360350
_eLIBRO
_fc.17
_h9899
_i63720
_si
949 _a584.90972 S83
_bBC
_cLIBRO
_d33724000360368
_eLIBRO
_fc.9
_h9893
_i63720
_si
949 _a584.90972 S83
_bBC
_cLIBRO
_d33724000360376
_eLIBRO
_fc.42
_h9918
_i63720
_si
949 _a584.90972 S83
_bBC
_cLIBRO
_d33724000360384
_eLIBRO
_fc.4
_h9888
_i63720
_si
949 _a584.90972 S83
_bBC
_cLIBRO
_d33724000360392
_eLIBRO
_fc.20
_h98102
_i63720
_si
949 _a584.90972 S83
_bBC
_cLIBRO
_d33724000360400
_eLIBRO
_fc.32
_i63720
_si
949 _a584.90972 S83
_bBC
_cLIBRO
_d33724000360418
_eLIBRO
_fc.18
_h9900
_i63720
_si
949 _a584.90972 S83
_bBC
_cLIBRO
_d33724000360426
_eLIBRO
_fc.21
_h9903
_i63720
_si
949 _a584.90972 S83
_bBC
_cLIBRO
_d33724000360434
_eLIBRO
_fc.24
_h9904
_i63720
_si
949 _a584.90972 S83
_bBC
_cLIBRO
_d33724000360442
_eLIBRO
_fc.23
_h9891
_i63720
_si
949 _a584.90972 S83
_bBC
_cLIBRO
_d33724000360459
_eLIBRO
_fc.22
_h28527
_i63720
_si
949 _a584.90972 S83
_bBC
_cLIBRO
_d33724000360467
_eLIBRO
_fc.25
_h9905
_i63720
_si
949 _a584.90972 S83
_bBC
_cLIBRO
_d33724000360475
_eLIBRO
_fc.29
_h9909
_i63720
_si
949 _a584.90972 S83
_bBC
_cLIBRO
_d33724000360483
_eLIBRO
_fc.64
_h40035
_i63720
_si
949 _a584.90972 S83
_bBC
_cLIBRO
_d33724000360491
_eLIBRO
_fc.28
_h9908
_i63720
_si
949 _a584.90972 S83
_bBC
_cLIBRO
_d33724000360509
_eLIBRO
_fc.3
_h9887
_i63720
_si
949 _a584.90972 S83
_bBC
_cLIBRO
_d33724000360517
_eLIBRO
_fc.50
_h9925
_i63720
_si
949 _a584.90972 S83
_bBC
_cLIBRO
_d33724000360525
_eLIBRO
_fc.53
_h40024
_i63720
_si
949 _a584.90972 S83
_bBC
_cLIBRO
_d33724000360533
_eLIBRO
_fc.2
_h28469
_i63720
_si
949 _a584.90972 S83
_bBC
_cLIBRO
_d33724000360541
_eLIBRO
_fc.14
_h9896
_i63720
_si
949 _a584.90972 S83
_bBC
_cLIBRO
_d33724000360558
_eLIBRO
_fc.13
_h9895
_i63720
_si
949 _a584.90972 S83
_bBC
_cLIBRO
_d33724000360566
_eLIBRO
_fc.11
_h28522
_i63720
_si
949 _a584.90972 S83
_bBC
_cLIBRO
_d33724000360574
_eLIBRO
_fc.47
_h28523
_i63720
_si
949 _a584.90972 S83
_bBC
_cLIBRO
_d33724000360582
_eLIBRO
_fc.16
_h9898
_i63720
_si
949 _a584.90972 S83
_bBC
_cLIBRO
_d33724000360590
_eLIBRO
_fc.48
_h9923
_i63720
_si
949 _a584.90972 S83
_bBC
_cLIBRO
_d33724000360608
_eLIBRO
_fc.12
_h9894
_i63720
_si
949 _a584.90972 S83
_bBC
_cLIBRO
_d33724000360616
_eLIBRO
_fc.37
_h9914
_i63720
_si
949 _a584.90972 S83
_bBC
_cLIBRO
_d33724000360624
_eLIBRO
_fc.43
_h9919
_i63720
_si
949 _a584.90972 S83
_bBC
_cLIBRO
_d33724000360632
_eLIBRO
_fc.38
_i63720
_si
949 _a584.90972 S83
_bBC
_cLIBRO
_d33724000360640
_eLIBRO
_fc.30
_h28526
_i63720
_si
949 _a584.90972 S83
_bBC
_cLIBRO
_d33724000360657
_eLIBRO
_fc.54
_h40025
_i63720
_si
949 _a584.90972 S83
_bBC
_cLIBRO
_d33724000360665
_eLIBRO
_fc.55
_h40032
_i63720
_si
949 _a584.90972 S83
_bBC
_cLIBRO
_d33724000360673
_eLIBRO
_fc.45
_h9921
_i63720
_si
949 _a584.90972 S83
_bBC
_cLIBRO
_d33724000360681
_eLIBRO
_fc.15
_h9897
_i63720
_si
949 _a584.90972 S83
_bBC
_cLIBRO
_d33724000360699
_eLIBRO
_fc.10
_h28529
_i63720
_si
949 _a584.90972 S83
_bBC
_cLIBRO
_d33724000360707
_eLIBRO
_fc.66
_h41970
_i63720
_si
949 _a584.90972 S83
_bBC
_cLIBRO
_d33724000360715
_eLIBRO
_fc.6
_h9890
_i63720
_si
949 _a584.90972 S83
_bBC
_cLIBRO
_d33724000360723
_eLIBRO
_fc.35
_i63720
_si
999 _c58589
_d58589